00588nam a2200205Ia 4500003000400000005001700004008004100021020001900062040000700081041000800088082001300096100002000109245002600129260003800155300000900193650002200202942001300224999001900237952012600256OSt20250902100339.0250729s2005 xx 000 0 und d a978-8176489461 cAL aeng a370 RAOH aRao V K9222375 aAlternative education aNew DelhibA P H Publishingc2005 a207p aEducation9222376 2ddccBED c235433d235433 00104070aALbALd2025-07-29eSita Book Houseg95.00l0o370 RAOHpBED00752r2025-07-29 16:53:59v95.00w2025-07-29yBK